| 000 | 01581nam a2200265Ia 4500 | ||
|---|---|---|---|
| 999 |
_c56222 _d56222 |
||
| 001 | 23323 | ||
| 003 | GE_BSU | ||
| 005 | 20251216184406.0 | ||
| 008 | 181216s1963||||ge |||||||||||||| ||geo|| | ||
| 040 | _cGE_BSU | ||
| 041 | _ageo | ||
| 080 | _a94(479.223) მ-47 | ||
| 100 |
_aმეგრელიძე, შ. _926532 |
||
| 245 |
_aსამხრეთ-დასავლეთ საქართველოს ისტორიიდან / _cშ. მეგრელიძე ; რედ. შ. ლომსაძე ; საქ. სსრ მეცნ. აკად. აკადემიკოს ს. ჯანაშიას სახ. საქ. სახელმწ. მუზეუმი. |
||
| 264 |
_aთბილისი : _bსაქ. სსრ მეცნ. აკად. გამ-ბა, _c1963. |
||
| 300 |
_a201 გვ. ; _c22 სმ. |
||
| 504 | _aბიბლიოგრაფია შენიშვნებში | ||
| 541 | _h7 ლ. | ||
| 653 | _aსამხრეთ-დასავლეთ საქართველოს ისტორია | ||
| 653 | _aაჭარის ისტორია | ||
| 653 | _aსამხრეთ-დასავლეთ საქართველოს ისტორიიდან | ||
| 700 |
_aლომსაძე, შ. _eრედაქტორი _926533 |
||
| 710 |
_aსაქ. სსრ მეცნ. აკადემია _bაკადემიკოს ს. ჯანაშიას სახ. საქ. სახელმწ. მუზეუმი _926534 |
||
| 942 |
_cBK _2udc |
||